000 00647nam a22001937a 4500
003 JO-AjAnu
005 20231202092104.0
008 231128b jo ||||| |||| 00| 0 ara d
040 _aJO-AjAnu
_bARA
_cJO-AjAnu
041 _aARA
050 _aSB4030.45
_aU2238
100 _aعبيد، هبة
_964504
_eمؤلف
245 2 0 _aالنباتات الداخلية والخارجية /
_cهبة عبيد
260 _aعمان :
_bدار اليازوري،
_cد.ن
300 _a208صفحة
500 _aيحتوي على صور توضيحية
650 7 0 _aنباتات الزينه - الزينة - الزهور
_964505
942 _2lcc
_cBK
_n0
999 _c33179
_d33179